000 00688nam a2200277Ia 4500
005 20260121125428.0
008 008 260114s9999 xx 000 0 eng d
020 _a9781503603189
037 _aEBOOK
040 _aCRL
040 _beng
040 _cCRL
041 _2eng
041 _aeng
084 _qCRL
100 _aNassar, Maha
_9992809
245 0 _aBrothers Apart: Palestinian Citizens of Israel and the Arab World
260 _bWalter de Gruyter
260 _bWalter de Gruyter
260 _c2017
650 _aHistory
_9992810
856 _uhttp://www.degruyter.com/isbn/9781503603189
942 _cEBOOK
999 _c1561954
_d1561954